Statistics for All Time NHL Game Winning Goalscorers

Click here to take the quiz!

General Stats

  • This quiz has been taken 15 times
  • The average score is 8 of 10

Answer Stats

GoalsAnswer% Correct
107Alexander Ovechkin
100%
98Bobby Hull
100%
110Brett Hull
100%
121Gordie Howe
91%
110Teemu Selanne
91%
135Jaromir Jagr
82%
118Phil Esposito
82%
109Brendan Shanahan
64%
101Jarome Iginla
45%
106Patrick Marleau
18%

Score Distribution

Percentile by Number Answered

Percent of People with Each Score

Your Score History

You have not taken this quiz